00457nam a2200169Ia 4500003000400000008004100004040001600045082001600061100001800077245003500095700002500130260005200155300001000207650002800217650001200245650003000257GCL140319s9999 xx 000 0 eng d aGCL / cGCL04a944.07bC B1 aCORBIN, ALAIN10aLA BARRICADE / cCORBIN, ALAIN1 aMAYEUR, JEAN - MARIE a[S.N] : bPUBLICATIONS DE LA SORBONNE ، c1997 a522 P04aFRANCE - HISTORY - 184804aHISTORY04aFRANCE - REVOLUTION, 1848